Financial management : (Record no. 4212)

MARC details
000 -LEADER
fixed length control field 00724nam a22002417a 4500
001 - CONTROL NUMBER
control field BD-DhSAU 4212
003 - CONTROL NUMBER IDENTIFIER
control field BD-DhSAU
005 - DATE AND TIME OF LATEST TRANSACTION
control field 20150301101435.0
008 - FIXED-LENGTH DATA ELEMENTS--GENERAL INFORMATION
fixed length control field 150215b2012 ii a||||r|||| 001 0 eng d
020 ## - INTERNATIONAL STANDARD BOOK NUMBER
International Standard Book Number 9780071067850
040 ## - CATALOGING SOURCE
Original cataloging agency BD-DhSAU
082 ## - DEWEY DECIMAL CLASSIFICATION NUMBER
Edition number 22
Classification number 658.15
Item number K5273
100 ## - MAIN ENTRY--PERSONAL NAME
Personal name Khan, M Y
245 ## - TITLE STATEMENT
Title Financial management :
Remainder of title text, problems and cases /
Statement of responsibility, etc. M Y Khan and P K Jain.
250 ## - EDITION STATEMENT
Edition statement 6th ed.
260 ## - PUBLICATION, DISTRIBUTION, ETC. (IMPRINT)
Place of publication, distribution, etc. New Delhi :
Name of publisher, distributor, etc. Tata McGraw-Hill Publishing Company ,
Date of publication, distribution, etc. c2012.
300 ## - PHYSICAL DESCRIPTION
Extent xxi, L.10 p. :
Other physical details ill. ;
Dimensions 25 cm.
500 ## - GENERAL NOTE
General note New arrival 2014
504 ## - BIBLIOGRAPHY, ETC. NOTE
Bibliography, etc Includes bibliographical references and index.
590 ## - Name of Cataloguer
Name of Cataloger joy
650 ## - SUBJECT ADDED ENTRY--TOPICAL TERM
Topical term or geographic name as entry element Corporations.
General subdivision Finance.
Geographic subdivision India.
700 ## - ADDED ENTRY--PERSONAL NAME
Personal name Jain, P K
942 ## - ADDED ENTRY ELEMENTS (KOHA)
Source of classification or shelving scheme Dewey Decimal Classification
Koha item type Book
Holdings
Withdrawn status Lost status Source of classification or shelving scheme Damaged status Not for loan Collection code Home library Branch Name Shelving location Date acquired Total Checkouts Full call number Barcode Date last seen Price effective from Koha item type Date checked out
    Dewey Decimal Classification   Not For Loan Reference SAU Library SAU Library Reference 25/06/2014   658.15 K5273 38196 15/02/2015 15/02/2015 Book  
    Dewey Decimal Classification       SAU Library SAU Library General Stacks 25/06/2014 3 658.15 K5273 38199 20/12/2022 15/02/2015 Book 11/12/2022
    Dewey Decimal Classification       SAU Library SAU Library General Stacks 25/06/2014 7 658.15 K5273 38197 17/09/2023 15/02/2015 Book 16/05/2023
    Dewey Decimal Classification       SAU Library SAU Library General Stacks 25/06/2014 4 658.15 K5273 38198 27/09/2023 15/02/2015 Book 16/05/2023